[Event "HUN-chT2 Barcza 1011"]
[Site "Hungary"]
[Date "2011.05.15"]
[Round "11.4"]
[White "Barabas, Tibor"]
[Black "Kiss, Gergely"]
[Result "1-0"]
[WhiteElo "2097"]
[BlackElo "2270"]
[PlyCount "33"]
[EventDate "2010.09.12"]
[EventType "team-tourn"]
[EventRounds "11"]
[EventCountry "HUN"]
[SourceTitle "EXT 2012"]
[Source "ChessBase"]
[SourceDate "2011.11.24"]
[SourceVersion "1"]
[SourceVersionDate "2011.11.24"]
[SourceQuality "1"]
[WhiteTeam "Mezokovesd"]
[BlackTeam "Debrecen Sakkbaratok"]
[WhiteTeamCountry "HUN"]
[BlackTeamCountry "HUN"]

1. e4 c5 2. Nf3 e6 3. d4 cxd4 4. Nxd4 a6 5. c4 Nf6 6. Nc3 d6 7. Bd3 Be7 8. 0-0 Qc7 9. b3 Nbd7 10. Bb2 b6 11. Rc1 Bb7 12. Bb1 0-0 13. Re1 Rac8 14. Re3 Qc5 15. Rh3 Rfd8 16. a3 Nf8 17. Nd5 1-0